01255 2200289 4500001002100000005001500021035002000036007000300056008004100059020002200100082001000122084001900132100001700151245009900168250002000267300004800287650002600335700003000361700002800391520039300419520002800812264003500840336002100875337003000896338002300926990001600949INLIS00000000004288420210808044946 a0010-0821000095ta210808 0  a978-623-7661-42-9 a153.4 aSR 153.4 MUL d0 aMulasih Tary1 aDahsyatnya keajaiban berpikir positif /cMulasih Tary, Devi Ardiyanti; penyunting, Zivana A.U. aCetakan 1, 2021 avi, 186 halaman :bilustrasi ;c21 x 14 cm. 4aPikiran dan pemikiran0 aDevi Ardiyantiepengarang0 aZivana A.U.epenyunting aSetiap orang pasti pernah berpikir negatif dan positif. Agaknya kita sering menerka-nerka hal yang belum terjadi, bahkan berburuk sangka atasnya. Hal ini dapat membuat suasana menjadi keruh dan memunculkan tindakan tidak produktif. Tentu ini tidak baik. Kita harus meminimalisasi dan melawannya, terlebih jika kita ingin mencapai kesuksesan dan kebahagiaan dalam hidup. Bagaimana caranya? aBibliografi halaman 183 aYogyakarta :bChecklist,c2021 2rdacontentateks 2rdamediaatanpa perantara 2rdacarrieravolume a47679.60499